|
|
|
|
| LEADER |
02365nam a2200577 a 4500 |
| 001 |
nkc20061643407 |
| 003 |
CZ PrNK |
| 005 |
20060523142433.0 |
| 007 |
ta |
| 008 |
060217s2006 xr a e p 000 0 cze |
| 015 |
|
|
|a cnb001643407
|
| 020 |
|
|
|a 80-7157-924-6
|q (brož.)
|
| 035 |
|
|
|a (OCoLC)85544668
|
| 040 |
|
|
|a OLA001
|b cze
|d ABA001
|
| 072 |
|
7 |
|a 63
|x Zemědělství a příbuzné oblasti vědy a techniky
|2 Konspekt
|9 24
|
| 072 |
|
7 |
|a 37.016
|x Učební osnovy. Vyučovací předměty. Učebnice
|2 Konspekt
|9 22
|
| 080 |
|
|
|a 63
|2 MRF
|
| 080 |
|
|
|a 005.94
|2 MRF
|
| 080 |
|
|
|a 001.8-057.86
|2 MRF
|
| 080 |
|
|
|a 659.2
|2 MRF
|
| 080 |
|
|
|a (075.8)
|2 MRF
|
| 100 |
1 |
|
|a Marada, Petr
|7 mzk2006324330
|4 aut
|
| 245 |
1 |
0 |
|a Expertní inženýrství /
|c Petr Marada, Jan Mareček, Pavel Máchal
|
| 250 |
|
|
|a Vyd. 1.
|
| 260 |
|
|
|a V Brně :
|b Mendelova zemědělská a lesnická univerzita,
|c 2006
|
| 300 |
|
|
|a 132 s. :
|b il. ;
|c 30 cm
|
| 500 |
|
|
|a 130 výt.
|
| 500 |
|
|
|a Nad názvem: Mendelova zemědělská a lesnická univerzita v Brně, Facultas agronomica
|
| 504 |
|
|
|a Obsahuje bibliografii
|
| 521 |
8 |
|
|a Určeno pro posluchače AF
|
| 650 |
0 |
7 |
|a zemědělství
|7 ph116770
|2 czenas
|
| 650 |
0 |
7 |
|a znalostní management
|7 ph136832
|2 czenas
|
| 650 |
0 |
7 |
|a experti
|7 ph182935
|2 czenas
|
| 650 |
0 |
7 |
|a poradenství
|7 ph124359
|2 czenas
|
| 650 |
0 |
9 |
|a agriculture
|2 eczenas
|
| 650 |
0 |
9 |
|a knowledge management
|2 eczenas
|
| 650 |
0 |
9 |
|a specialists
|2 eczenas
|
| 650 |
0 |
9 |
|a consulting services
|2 eczenas
|
| 655 |
|
7 |
|a učebnice vysokých škol
|7 fd133772
|2 czenas
|
| 655 |
|
9 |
|a textbooks (higher)
|2 eczenas
|
| 700 |
1 |
|
|a Mareček, Jan,
|d 1956-
|7 xx0031860
|4 aut
|
| 700 |
1 |
|
|a Máchal, Pavel,
|d 1948-
|7 jn20010309827
|4 aut
|
| 710 |
2 |
|
|a Mendelova zemědělská a lesnická univerzita.
|b Agronomická fakulta
|7 kn20010710246
|
| 856 |
4 |
1 |
|u http://www.digitalniknihovna.cz/mzk/uuid/uuid:09892960-2fcb-11e7-9efd-005056827e52
|y Digitalizovaný dokument
|x NDK
|
| 910 |
2 |
|
|a BOA001
|b 3-1166.330
|
| 990 |
|
|
|a BK
|
| 995 |
|
|
|a 01
|
| 991 |
|
|
|b 200604
|c NOV
|
| 996 |
6 |
|
|b 2610275080
|c 3-1166.330
|l MZK
|r Sklad / do 1 hodiny
|n 0
|p p.v.
|w 000811472
|u 000010
|a 1
|e BOA001
|j MZK50
|s P
|
| 996 |
7 |
|
|b 2610276501
|c 3-1166.330
|l MZK
|r Sklad / do 1 hodiny
|n 10
|p kup
|w 000811472
|u 000020
|a 1
|e BOA001
|j MZK50
|s A
|
| 996 |
7 |
|
|b 2610276502
|c 3-1166.330
|l MZK
|r Sklad / do 1 hodiny
|n 1
|p kup
|w 000811472
|u 000030
|a 1
|e BOA001
|j MZK50
|s A
|